| 000 | 00641nam a22001937a 4500 | ||
|---|---|---|---|
| 005 | 20251108165029.0 | ||
| 008 | 250721s1982 xx 000 0 ara d | ||
| 082 | 1 | 4 | _a543.2/سمي |
| 100 | 1 | _aعميش، سمير سالم | |
| 245 | 1 | 0 | _aالكيمياء التحليلية للحليب و منتجاته / |
| 246 | 1 | 1 | _aAnalytical chemistry of dairy products |
| 264 | 1 |
_aعمان : _bشركة الأصدقاء للطباعة و التجارة، _c1982. |
|
| 300 | _a208ص | ||
| 650 | 1 | 7 | _aالكيمياء التحليلية |
| 650 | 1 | 7 | _aالحليب |
| 650 | 1 | 7 | _aكيمياء الأغذية |
| 942 |
_2ddc _cBK |
||
| 999 |
_c20359 _d20359 |
||